La Festividad de San Jorge 1952 en el Palacio Provincial
Descripción Física:
Fotografies
Colección:
San Jorge,
; núm. 6 (abril 1952), pàg 30-31
Materias:
Palau de la Generalitat de Catalunya -- Il·lustracions, imatges, etc.
; Diada de Sant Jordi
Idioma:
Español
MARC
| LEADER | 00000naa a2200000 a 4500 | ||
|---|---|---|---|
| 003 | Arxiu | ||
| 005 | 20260324181042.0 | ||
| 008 | 160829s1952 spaoxx s spa c | ||
| 040 | |a agdb | ||
| 245 | 0 | 3 | |a La Festividad de San Jorge 1952 en el Palacio Provincial |
| 300 | |b Fotografies | ||
| 490 | |a San Jorge, |v núm. 6 (abril 1952), pàg 30-31 | ||
| 590 | |a Conté sis fotografies | ||
| 610 | 2 | 0 | |9 54690 |a Palau de la Generalitat de Catalunya |v Il·lustracions, imatges, etc. |
| 650 | 0 | |a Diada de Sant Jordi |9 33552 | |
| 773 | |t San Jorge. |g Núm. 6 (abril 1952), pàg 30-31 | ||
| 901 | |a Arxiu | ||
| 942 | |n 1 |2 udc |c ART | ||
| 952 | |0 0 |1 0 |4 0 |6 REV508 |7 1 |9 64641 |a Arxiu |b Arxiu |d 2022-12-02 |l 0 |o Rev-508 |r 2022-12-02 00:00:00 |w 2022-12-02 |y ARXIU |z També disponible a Rev-521 | ||
| 999 | |c 49867 |d 49867 | ||